000 00219nam a2200121Ia 4500
100 _aUser Manual
942 _cBK
245 _aCADIAN
260 _bCARDIAN GLOBAL.
300 _a86
546 _aENGLISH
999 _c29237
_d29237